000 00339nam a2200145Ia 4500
005 20251222142001.0
008 251222s9999||||xx |||||||||||||| ||spa||
020 _a9786124544101
082 _a800/H52
100 _aHiga, Augusto
245 0 _aDos Pájaros, Un Tiro y Otros Cuentos
250 _a1ra.ed.
264 _bMLV
942 _cLIB
999 _c10012
_d10012